000 00808nam a2200241Ia 4500
003 OSt
005 20220927105442.0
006 a|||||r|||| 00| 0
007 ta
008 220926b |||||||| |||| 00| 0 eng d
024 _a175193
037 _cReference Collections
040 _aRTL
_cRTL
_beng
041 _2eng
_aeng
082 _a"X9(HZ).2.N72 S, L2"
110 _a"INDIA, LABUR (Ministry of), MINES SAFETY (Directorate- general of)"
_9372656
245 0 _aStatistics of mines in India.
260 _aDhanbad
_bDirector general of Mines Safely.
_c1972
300 _a"ii, 196p"
_ccm.
700 _a"INDIA, LABUR (Ministry of), MINES SAFETY (Directorate- general of)"
_9372657
942 _h"X9(HZ).2.N72 S, L2"
_cCC
999 _c692645
_d692645